<?xml version="1.0" encoding="UTF-8"?>
<collection xmlns="http://www.loc.gov/MARC21/slim">
 <record>
  <leader>01073nam a2200205Ia 4500</leader>
  <controlfield tag="001">CTU_28021</controlfield>
  <controlfield tag="008">210402s9999    xx            000 0 und d</controlfield>
  <datafield tag="020" ind1=" " ind2=" ">
   <subfield code="b">34.500đ</subfield>
  </datafield>
  <datafield tag="082" ind1=" " ind2=" ">
   <subfield code="a">634.0212</subfield>
  </datafield>
  <datafield tag="082" ind1=" " ind2=" ">
   <subfield code="b">Kh452</subfield>
  </datafield>
  <datafield tag="100" ind1=" " ind2=" ">
   <subfield code="a">Ngô Kim Khôi</subfield>
  </datafield>
  <datafield tag="245" ind1=" " ind2="0">
   <subfield code="a">Thống kê toán học trong lâm nghiệp</subfield>
  </datafield>
  <datafield tag="245" ind1=" " ind2="0">
   <subfield code="c">Ngô Kim Khôi</subfield>
  </datafield>
  <datafield tag="260" ind1=" " ind2=" ">
   <subfield code="a">Hà Nội</subfield>
  </datafield>
  <datafield tag="260" ind1=" " ind2=" ">
   <subfield code="b">Nông Nghiệp</subfield>
  </datafield>
  <datafield tag="260" ind1=" " ind2=" ">
   <subfield code="c">1998</subfield>
  </datafield>
  <datafield tag="520" ind1=" " ind2=" ">
   <subfield code="a">sách trình bày về các phân bố thí nghiệm và phương pháp ước lượng các tham số đặc trưng của tổng thể; mô hình hóa quy luật cấu trúc tần số; phương pháp so sánh các mẫu quan sát và thí nghiệm trong lâm nghiệp; phương pháp bố trí thí nghiệm và phân tích kết quả; phân tích mối liên hệ giữa các đại lượng trong lâm nghiệp</subfield>
  </datafield>
  <datafield tag="650" ind1=" " ind2=" ">
   <subfield code="a">forests and forestry - statistics</subfield>
  </datafield>
  <datafield tag="904" ind1=" " ind2=" ">
   <subfield code="i">Minh, 990113</subfield>
  </datafield>
  <datafield tag="980" ind1=" " ind2=" ">
   <subfield code="a">Trung tâm Học liệu Trường Đại học Cần Thơ</subfield>
  </datafield>
 </record>
</collection>
<br />
<b>Notice</b>:  fwrite(): write of 437 bytes failed with errno=28 No space left on device in <b>C:\vufind\module\VuFind\src\VuFind\Session\File.php</b> on line <b>152</b><br />
Cannot write session to C:\Windows\TEMP\vufind_sessions/sess_qs12ad7lb3rgv5dhf2d823m6gv
<br />
<b>Warning</b>:  session_write_close(): Failed to write session data using user defined save handler. (session.save_path: \xampp\tmp) in <b>C:\vufind\vendor\laminas\laminas-session\src\SessionManager.php</b> on line <b>235</b><br />
